000 02409cam a2200505 i 4500
001 14396879
003 EG-ScBUE
005 20241118103424.0
006 m||||fq||h 00| 0
008 060601t2008 maua f 001 0 eng d
020 _a0073030228 (student edition : alk. paper)
020 _a0073030236 (instructor's edition : alk. paper)
020 _a9780073030227 (student edition : alk. paper)
020 _a9780073030234 (instructor's edition : alk. paper)
020 _a9780073272962
020 _a0073272965
035 _a(OCoLC)ocm69734572
035 _a(OCoLC)69734572
040 _aDLC
_beng
_erda
_cDLC
_dBAKER
_dC#P
_dBTCTA
_dNLGGC
_dYDXCP
_dDLC
_dEG-ScBUE
082 0 0 _a519.5
_222
_bLIN
100 1 _93255
_aLind, Douglas A.,
_eauthor.
245 1 0 _aStatistical techniques in business & economics /
_cDouglas A. Lind, Coastal Carolina University and The University of Toledo, William G. Marchal, The University of Toledo, Samuel A. Wathen, Coastal Carolina University.
246 3 _aStatistical techniques in business and economics
250 _aThirteenth edition.
264 1 _aBoston :
_bMcGraw-Hill/Irwin,
_c[2008]
264 4 _cc2008
300 _axvii, 859 pages :
_bcolor illustrations ;
_c28 cm +
_e1 CD
336 _2rdacontent
_atext
_btxt
336 _2rdacontent
_asounds
_bsnd
337 _aunmediated
_2rdamedia
_bn
337 _aaudio
_2rdamedia
_bs
338 _avolume
_bnc
_2rdacarrier
338 _acomputer disc
_bcd
_2rdacarrier
500 _aIncludes index.
500 _aIncludes Appendices.
650 7 _aSocial sciences
_xStatistical methods.
_2BUEsh
_93257
650 7 _aEconomics
_xStatistical methods.
_2BUEsh
_93258
650 7 _aCommercial statistics.
_2BUEsh
_93259
655 _vReading book
700 1 _aMarchal, William G.,
_eauthor.
_93260
700 1 _aWathen, Samuel Adam,
_eauthor.
_93261
856 4 1 _3Table of contents only
_uhttp://www.loc.gov/catdir/toc/ecip0614/2006018157.html
942 _2ddc
_cBB
999 _c11206
_d11206